000 01624nam a2200265 i 4500
003 DO-SdBNP
005 20250527113124.0
007 ta
008 250527b2024 dr ||||| |||| 00| 0 spa d
020 _a9789945654851
040 _aDO-SdBNP
_bspa
_cBNPHU
_erda
082 _axxx
_bS456
_222
100 _aSegura, Orlando
_eautor
_4aut.
_943311
245 0 4 _aLos tortolitos del sótano /
_cOrlando Segura
264 1 _aSanto Domingo :
_bEditorial Santuario,
_c2024.
300 _a54 páginas ;
_c22 cm.
336 _atexto
_btxt
_2rdacontent
337 _asin mediación
_bn
_2rdamedia
338 _avolumen
_bnc
_2rdacarrier
500 _aIncluye datos biografícos del autor en la solapa de la portada.
520 _aEl cura Clementino acompañó a Aquiles al cementerio, pero se negó a darle cristiana sepultura a la Patrona. Los secuaces procedieron a enterrarla de pie dejando la cabeza al descubierto. ¡Pobre Clotilde! El cura Clementino estaba nervioso, se mordía los labios. Aquiles temblaba de miedo, dejó caer la cruz de palo y salió corriendo sin las muletas, detrás iba el cura como una gacela a pesar de su avanzada edad. El espíritu maligno de Clotilde levantó una polvareda amarilla, asustando más a los corredores. El cura sufrió un ataque de nervios, iba corriendo y rezando: ¡Deus mío! ¡Madre mía! ¡Ay de mí! ¡Deus ayúdame a salir de este embrollo. Llegó temblando a la Iglesia y se escondió detrás del altar, la misa dominical fue suspendida. El cura regresó a su pueblo predicando la palabra de Dios.
590 _aInventariado, 2025/ YL
910 _aYLockward
942 _2ddc
_cLBS1
999 _c58643
_d58643